Životný štýl stredoškolskej mládeže
Na minha lista:
| Autor principal: | |
|---|---|
| Outros Autores: | |
| Formato: | Manuscrito Livro |
| Idioma: | eslovaco |
| Publicado em: |
STU v Bratislave MTF UIPH,
2010
|
| Assuntos: | |
| Acesso em linha: | VAIS |
| Tags: |
Sem tags, seja o primeiro a adicionar uma tag!
|
MARC
| LEADER | 00000ntm a22000003a 4500 | ||
|---|---|---|---|
| 001 | stu208049 | ||
| 005 | 20160719160237.2 | ||
| 008 | 100722s2010------------------------slo-d | ||
| 040 | |a STU |b slo | ||
| 041 | 0 | |a slo | |
| 100 | 1 | |a Lenková, Slávka, |d 1958- |4 aut |X 57509 |7 A000057509 | |
| 242 | 0 | 0 | |a The lifestyle of secondary school youth. |y eng |
| 245 | 1 | |a Životný štýl stredoškolskej mládeže | |
| 260 | |b STU v Bratislave MTF UIPH, |c 2010 | ||
| 650 | 7 | |a životný štýl |2 stusub | |
| 650 | 7 | |a pohyb |2 stusub | |
| 650 | 7 | |a drogy |2 stusub | |
| 650 | 7 | |a stravovanie |2 stusub | |
| 650 | 7 | |a zdravá výživa |2 stusub | |
| 700 | 1 | |a Novotná, Soňa, |d 1950- |4 ths |u M340 |U MTF Ústav inžinierskej pedagogiky a humatitných vied |T MTF Katedra telesnej výchovy a športu |X 2897 |U M340 |Y M340 |7 A000002897 | |
| 856 | 4 | |a info a plný text |u http://is.stuba.sk/zp/portal_zp.pl?podrobnosti=58761 |3 VAIS | |
| 996 | |c M*DP-9598 |l MMSKP |s P |a 0 |w stu208049_0001 | ||